000 00318nam a2200133 a 4500
005 20140414093834.0
008 030611s19uu xx 00 eng d
050 _aCDR 030
_bWeb n.d.
245 _aWebster's concise encyclopedia.
650 _aCD-ROM.
650 _aEncyclopedia.
942 _cAVM
999 _c108912
_d108912